000 00940nam a2200217 i 4500
001 181731
003 ES-MaACL
005 20230906221436.0
008 130321s1921 sp | |||| ||spa d
080 _a904(460.231):7.031.3
100 1 _aSerra i Vilaró, J.
_9105638
245 1 0 _aPoblado ibérico de Anseresa, Olius
_b: memoria de las excavaciones realizadas en 1919-1920 /
_cpor Juan Serra y Vilaró.
260 _aMadrid :
_b[s.n.],
_c1921 (
_fTip. de la "Rev. de Arch., Bibl. y Museos")
300 _a28 p., XI lám. ;
_c24 cm.
490 1 _aJunta Superior de Excavaciones y Antigüedades ;
_vn. 35 = n. 7, 1919-20
651 4 _aLérida (Provincia)-
_xRestos arqueológicos ibéricos.
_9152483
710 2 _aEspaña.
_bJunta Superior de Excavaciones y Antigüedades.
_9152463
830 0 _aJunta Superior de Excavaciones y Antigüedades ;
_vn. 35 = n. 7, 1919-20
_9191570
852 _aES-MaACL
_jE-3370(7)
999 _c181731
_d181731